000 00598nam a2200229Ia 4500
003 OSt
005 20220924152346.0
006 a|||||r|||| 00| 0
007 ta
008 220923b |||||||| |||| 00| 0 mar d
024 _a342221
037 _cTextual
040 _aARTS
_cARTS
_bmar
041 _2mar
_amar
082 _aP443145,L, 155K3
100 _aDesai V.V.Prabhu
_9226496
245 0 _aSatravya shantkantil gomantaki boli
260 _c1963
650 _aLINGUISTICS
942 _hP443145,L, 155K3
_cTEXL
_2CC
999 _c469608
_d469608